LEADER 02743nam 2200565 450 001 9910789028903321 005 20230803034437.0 010 $a0-9899334-3-1 035 $a(CKB)3710000000087932 035 $a(EBL)1635550 035 $a(OCoLC)870950936 035 $a(SSID)ssj0001400034 035 $a(PQKBManifestationID)11743078 035 $a(PQKBTitleCode)TC0001400034 035 $a(PQKBWorkID)11458927 035 $a(PQKB)10476801 035 $a(MiAaPQ)EBC1635550 035 $a(Au-PeEL)EBL1635550 035 $a(CaPaEBR)ebr10837750 035 $a(OCoLC)889304777 035 $a(EXLCZ)993710000000087932 100 $a20140810h20132013 uy 1 101 0 $aeng 135 $aur|n|---||||| 181 $ctxt 182 $cc 183 $acr 200 10$aBankers, brokers, and charlatans /$fJamie d'Antioc 210 1$aGeneva, Switzerland :$cArcadian Lifestyle,$d2013. 210 4$d©2013 215 $a1 online resource (440 p.) 300 $aDescription based upon print version of record. 311 $a0-9885196-1-5 327 $aCover; Bankers, Brokers and Charlatans; Introduction; Screwing Methods; Chapter 1; Chapter 2; Chapter 3; Chapter 4; Chapter 5; Chapter 6; Chapter 7; Chapter 8; Chapter 9; Chapter 10; Chapter 11; Chapter 12; Chapter 13; Chapter 14; Chapter 15; Chapter 16; Chapter 17; Chapter 18; Chapter 19; Chapter 20; Chapter 21; Chapter 22; Chapter 23; Chapter 24; Chapter 25; Chapter 26; Chapter 27; Chapter 28; Chapter 29; Chapter 30; Chapter 31; Chapter 32; Chapter 33; Chapter 34; Chapter 35; Chapter 36; Chapter 37; Chapter 38; Chapter 39; Chapter 40; Epilogue; Appendix: Screwing Methods 330 $aThe tale of Jimmy-Bob is a cautionary one. Barely a semester into his new life at college, a small-town boy from the dusty backwaters of Texas discovers a secret that will change his life forever. Young and nai?ve, Jimmy- Bob is asked to pick his way through the murky swamp of the past to try and build himself a future. His newfound mentor is an Italian called Romano, whose wisdom and experience seem ever a trap to ensnare the new prote?ge?e. The women in his life, his first love, Tammy-Lynn, and loyal sister, Betsy, are ready to take the plunge with him. However, when Jimmy-Bob finally begins to 606 $aBankers$zUnited States 606 $aBanks and banking$zUnited States 606 $aBrokers$zUnited States 615 0$aBankers 615 0$aBanks and banking 615 0$aBrokers 676 $a332.10973 700 $aD'Antioc$b Jamie$01528090 801 0$bMiAaPQ 801 1$bMiAaPQ 801 2$bMiAaPQ 906 $aBOOK 912 $a9910789028903321 996 $aBankers, brokers, and charlatans$93771499 997 $aUNINA LEADER 03657nam 2200721zu 450 001 9910137458803321 005 20250709220014.0 010 $a9791092046014 024 7 $a10.4000/books.cjb.275 035 $a(CKB)3170000000061054 035 $a(SSID)ssj0001541682 035 $a(PQKBManifestationID)11861072 035 $a(PQKBTitleCode)TC0001541682 035 $a(PQKBWorkID)11535569 035 $a(PQKB)11455379 035 $a(WaSeSS)IndRDA00045210 035 $z(PPN)182830470 035 $a(FrMaCLE)OB-cjb-275 035 $a(oapen)https://directory.doabooks.org/handle/20.500.12854/53032 035 $a(PPN)267971915 035 $a(FR-PaCSA)88922340 035 $a(FRCYB88922340)88922340 035 $a(oapen)doab53032 035 $a(EXLCZ)993170000000061054 100 $a20160829d2013 uy 101 0 $afre 135 $aur||||||||||| 181 $ctxt 182 $cc 183 $acr 200 10$aMédinas immuables ? : gentrification et changement dans les villes historiques marocaines (1996-2010 210 $cCentre Jacques-Berque$d2013 210 31$a[Place of publication not identified]$cCentre Jacques Berque$d2013 215 $a1 online resource (412 pages) 225 0 $aDescription du Maghreb 300 $aBibliographic Level Mode of Issuance: Monograph 311 08$a9791092046007 330 $aCet ouvrage entend contribuer au renouveau théorique de l?étude des médinas au Maroc, en rendant compte de l?étendue et de la nature d?un phénomène à peine envisageable au début des années quatre-vingt-dix. Les auteurs abordent, en effet, les mutations en cours dans les médinas à partir de la perspective de la gentrification, c'est-à-dire du phénomène de réinvestissement de quartiers anciens, souvent fort détériorés, par des nouveaux résidents aisés, qui y impulsent des dynamiques rénovatrices. S?appuyant sur des enquêtes de terrain dans plusieurs villes marocaines, les études présentées s?intéressent aux profils et aux motivations de ces nouveaux habitants, à leurs interactions avec les anciens habitants, au rôle de l?Etat, aux rapports entre gentrification, tourisme, patrimonialisation et cosmopolitisme. Tout en soulignant les dynamiques convergentes et les caractéristiques que les médinas marocaines partagent avec le modèle « classique » de la gentrification, elles pointent également les spécificités locales, y compris entre les différentes médinas. L?ensemble de ces études et des entretiens avec des personnalités impliquées dans la sauvegarde du patrimoine fournit une première perspective synthétique sur ce phénomène. 606 $aSociology & Social History$2HILCC 606 $aSocial Sciences$2HILCC 606 $aCommunities - Urban Groups$2HILCC 610 $aMigration transnationale 610 $aPolitique urbaine 610 $aMédina 610 $aGentrification 610 $aRestauration architecturale 610 $aInvestissements étrangers 610 $aPatrimoine urbain 610 $aSociologie urbaine 610 $aPatrimonialisation 610 $aTourisme 615 7$aSociology & Social History 615 7$aSocial Sciences 615 7$aCommunities - Urban Groups 700 $aElsa Coslado$b Justin McGuinness, Catherine Miller (dir.)$4auth$01356443 702 $aCoslado$b Elsa 702 $aMiller$b Catherine 702 $aMcGuinness$b Justin 801 0$bPQKB 906 $aBOOK 912 $a9910137458803321 996 $aMédinas immuables ? : gentrification et changement dans les villes historiques marocaines (1996-2010$93361002 997 $aUNINA